Statistics for North American Countries In All Jetpunk Languages

Click here to take the quiz!

General Stats

  • This quiz has been taken 117 times
    (93 since last reset)
  • The average score is 90 of 138

Answer Stats

English% Correct
Canadá
94%
Canada
94%
México
90%
Mexico
90%
Antigua and Barbuda
86%
Antígua e Barbuda
86%
Antigua e Barbuda
86%
Antigua-et-Barbuda
86%
Antigua und Barbuda
86%
Antigua y Barbuda
86%
United States
86%
Barbados
83%
Dominica
82%
Dominican Republic
79%
El Salvador
79%
Guatemala
79%
Nicaragua
79%
Nicarágua
79%
Saint Vincent and the Grenadines
79%
Saint Vincent e Grenadine
79%
Saint-Vincent-et-les-Grenadines
79%
St. Vincent und die Grenadinen
79%
Belize
77%
Panama
77%
Panamá
77%
Bahamas
76%
Costa Rica
76%
Cuba
76%
Haití
76%
Haïti
76%
Haiti
76%
Saint Kitts and Nevis
76%
Saint Kitts e Nevis
76%
Saint Lucia
76%
St. Kitts und Nevis
76%
St. Lucia
76%
Grenada
75%
Honduras
75%
Jamaica
73%
Trinidad and Tobago
73%
Trinidad e Tobago
73%
Trinidad und Tobago
73%
Trinidad y Tobago
73%
Estados Unidos
45%
Kanada
45%
Kuba
42%
Santa Lucia
39%
Santa Lucía
39%
Santa Lúcia
39%
Repubblica Dominicana
37%
República Dominicana
34%
Etats-Unis
31%
Mexique
31%
Barbados
30%
Dominique
30%
Mexiko
30%
Barbade
28%
Belice
28%
Jamaika
28%
Granada
27%
San Vicente y las Granadinas
24%
Salvador
20%
Jamaïque
18%
San Cristóbal y Nieves
18%
République Dominicaine
17%
Grenade
14%
Stati Uniti
14%
Dominikanische Republik
13%
Messico
13%
São Vicente e Granadinas
13%
Vereinigte Staaten
13%
Sainte-Lucie
11%
Giamaica
8%
Saint-Christophe-et-Niévès
8%
São Cristóvão e Nevis
6%
Trinité-et-Tobago
6%

Score Distribution

Percentile by Number Answered

Percent of People with Each Score

Your Score History

You have not taken this quiz since the last reset